Marketing management : (Record no. 83324)

MARC details
000 -LEADER
fixed length control field 00658nam a22002057a 4500
005 - DATE AND TIME OF LATEST TRANSACTION
control field 20140505122142.0
010 ## - LCCN (DPL NO)
LC control number ENG-109670
020 ## - INTERNATIONAL STANDARD BOOK NUMBER
Terms of availability 395.00
International Standard Book Number 9788182093843
020 ## - INTERNATIONAL STANDARD BOOK NUMBER
Terms of availability 395.00
International Standard Book Number 8182093848
035 ## - SYSTEM CONTROL NUMBER
System control number EN-93203
037 ## - SOURCE OF ACQUISITION
Source of stock number/acquisition DBAD/PUB
082 ## - DEWEY DECIMAL CLASSIFICATION NUMBER
Classification number 658.8
100 ## - MAIN ENTRY--PERSONAL NAME
Personal name Chandrasekar, K.S.
245 00 - TITLE STATEMENT
Title Marketing management :
Statement of responsibility, etc by Dr. K.S. Chandrasekar
Remainder of title text and cases /
260 ## - PUBLICATION, DISTRIBUTION, ETC. (IMPRINT)
Place of publication, distribution, etc New Delhi
Name of publisher, distributor, etc Vijay Nicole Imprints in collabration with McGraw Hill Education
Date of publication, distribution, etc 2013
270 ## - ADDRESS
Address P-24, Green Park Extn.
City New Delhi
Postal code 110016
300 ## - PHYSICAL DESCRIPTION
Extent xviii,620p.
Dimensions 24cm(pbk)
500 ## - GENERAL NOTE
General note Includes index
942 ## - ADDED ENTRY ELEMENTS (KOHA)
Source of classification or shelving scheme Dewey Decimal Classification
Item type English Books
Call number suffix CHA
Classification part 658.8
Holdings
Withdrawn status Lost status Not for loan Collection code Home library Current library Date acquired Source of acquisition Cost, normal purchase price Full call number Barcode Copy number Cost, replacement price Koha item type
    Not For Loan Non-fiction D.B.Act.Division D.B.Act.Division 09/04/2014 DBAD/PUB 395.00 658.8 CHA EN-93203 1 395.00 English Books

© Delhi Public Library
Hit Counter
free hit counter